The management guide to selecting people

Bibliographic Details
Main Author: Keenan, Kate
Format: Book
Published: Kuala Lumpur : Golden Books , 1995
Subjects:

MARC

LEADER 00000cam a2200000 7i4500
001 0000008319
002 000009071
005 20000330.0
020 |a 9837201649 
090 0 0 |a 658.311   |b KEE 
100 1 |a Keenan, Kate 
245 1 4 |a The management guide to selecting people   |c Kate Keenan 
260 |a Kuala Lumpur :   |b Golden Books ,   |c 1995 
300 |a 62p. ;   |c 18cm. 
650 0 0 |a Employment interviewing 
650 0 0 |a Man power policy 
650 0 0 |a Personnel management 
999 |a 052916   |b BUKU   |c PINJAMAN   |e PERPUSTAKAAN KOMUNITI PETALING JAYA